[Event "22. Torneo Magistral de Elgoibar"]
[Site "Elgoibar ESP"]
[Date "2012.12.11"]
[Round "1.1"]
[White "Velten, Paul"]
[Black "Matnadze, Ana"]
[Result "0-1"]
[WhiteElo "2369"]
[BlackElo "2401"]
[PlyCount "91"]
[EventDate "2012.12.11"]
[EventType "tourn"]
[EventRounds "9"]
[EventCountry "ESP"]
[EventCategory "9"]
[Source "lmi"]
[SourceDate "2012.12.11"]

1. d4 Nf6 2. Nf3 e6 3. Nc3 d5 4. Bg5 Be7 5. e3 Nbd7 6. h3 c5 7. Be2 a6 8. a4
Ne4 9. Nxe4 dxe4 10. Bxe7 Qxe7 11. Nd2 cxd4 12. exd4 f5 13. O-O O-O 14. a5 Nf6
15. Nc4 Bd7 16. Ne5 Rad8 17. Qd2 Be8 18. Ra3 Kh8 19. Rd1 Nd7 20. Nxd7 Bxd7 21.
c4 Bc6 22. Qc3 f4 23. Bf1 Qg5 24. b4 e3 25. fxe3 f3 26. Ra2 fxg2 27. Bxg2 Rf3
28. h4 Qxh4 29. d5 Qg5 30. Rad2 exd5 31. cxd5 Bb5 32. Rf2 Rxe3 33. Qc5 Ree8 34.
Rf7 Qh5 35. Rf3 h6 36. Qf2 Re2 37. Qg3 Re4 38. Re1 Rg4 39. Re5 Rxg3 40. Rxh5
Rg4 41. Re5 Rxb4 42. Rf7 Rg4 43. Rxb7 Rc8 44. Rxb5 axb5 45. d6 Rc2 46. d7 0-1

[Event "22. Torneo Magistral de Elgoibar"]
[Site "Elgoibar ESP"]
[Date "2012.12.11"]
[Round "1.3"]
[White "Astasio Lopez, David"]
[Black "Cruz, Cristhian"]
[Result "0-1"]
[WhiteElo "2400"]
[BlackElo "2496"]
[PlyCount "92"]
[EventDate "2012.12.11"]
[EventType "tourn"]
[EventRounds "9"]
[EventCountry "ESP"]
[EventCategory "9"]
[Source "lmi"]
[SourceDate "2012.12.11"]

1. d4 e6 2. Nf3 Nf6 3. e3 c5 4. c4 g6 5. dxc5 Na6 6. a3 Nxc5 7. b4 Nce4 8. Bb2
Bg7 9. Qc2 b6 10. Bd3 Bb7 11. O-O O-O 12. Nbd2 d5 13. Rfd1 Qe7 14. Ne5 Nxd2 15.
Rxd2 Rac8 16. Qb3 Rfd8 17. Rad1 dxc4 18. Bxc4 Rxd2 19. Rxd2 Bd5 20. Rc2 Qc7 21.
Qa4 Ng4 22. Bd3 Qb7 23. Nxg4 Bxb2 24. Ba6 Qxa6 25. Qxa6 Rxc2 26. f3 Bc3 27. h4
h5 28. Nf2 Be5 29. f4 Bf6 30. g3 Rc1+ 31. Kh2 Rc2 32. Kg1 Rc1+ 33. Kh2 Bf3 34.
Qd3 Rc3 35. Qd2 Rxa3 36. e4 Bc3 37. Qd8+ Kg7 38. Nd3 Ra2+ 39. Kg1 Rg2+ 40. Kf1
Rd2 41. Qc7 Be2+ 42. Kf2 Bg4+ 43. Kf1 Rxd3 44. e5 Rxg3 45. Qxa7 Bd4 46. Ke1 Be3
0-1

[Event "22. Torneo Magistral de Elgoibar"]
[Site "Elgoibar ESP"]
[Date "2012.12.11"]
[Round "1.4"]
[White "Moskalenko, Viktor"]
[Black "Mirzoev, Azer"]
[Result "1/2-1/2"]
[WhiteElo "2532"]
[BlackElo "2553"]
[PlyCount "66"]
[EventDate "2012.12.11"]
[EventType "tourn"]
[EventRounds "9"]
[EventCountry "ESP"]
[EventCategory "9"]
[Source "lmi"]
[SourceDate "2012.12.11"]

1. d4 d5 2. c4 dxc4 3. e3 Nf6 4. Bxc4 e6 5. Nf3 a6 6. O-O c5 7. Bb3 Nc6 8. Nc3
Be7 9. Qe2 cxd4 10. Rd1 O-O 11. exd4 Na5 12. Bc2 b5 13. Bg5 Bb7 14. Bxf6 Bxf6
15. Ne4 g6 16. Ne5 Bg7 17. Nc5 Bd5 18. Be4 Bxe4 19. Qxe4 Qd5 20. Qxd5 exd5 21.
b3 Rfe8 22. Re1 h5 23. Kf1 Rec8 24. Rac1 Nc6 25. Nxc6 Rxc6 26. Red1 a5 27. Rc2
Rac8 28. Rcd2 R6c7 29. g3 Re8 30. a3 Rc6 31. Rc2 b4 32. axb4 axb4 33. Ra2 Bxd4
1/2-1/2

[Event "22. Torneo Magistral de Elgoibar"]
[Site "Elgoibar ESP"]
[Date "2012.12.11"]
[Round "1.5"]
[White "Batsiashvili, Nino"]
[Black "Strikovic, Aleksa"]
[Result "0-1"]
[WhiteElo "2425"]
[BlackElo "2509"]
[PlyCount "92"]
[EventDate "2012.12.11"]
[EventType "tourn"]
[EventRounds "9"]
[EventCountry "ESP"]
[EventCategory "9"]
[Source "lmi"]
[SourceDate "2012.12.11"]

1. d4 d6 2. Nf3 Nf6 3. c4 g6 4. Nc3 Bg7 5. e4 O-O 6. Be2 c5 7. O-O cxd4 8. Nxd4
Nc6 9. Be3 Bd7 10. Nc2 a5 11. a4 Nb4 12. f3 Bc6 13. Nd5 Nd7 14. Ncxb4 axb4 15.
Ra2 Nc5 16. b3 Bxd5 17. exd5 Qc7 18. Bd3 Bc3 19. Re2 Rfe8 20. Bf2 e6 21. dxe6
Rxe6 22. Rxe6 fxe6 23. Bc2 Rd8 24. Qe2 d5 25. cxd5 exd5 26. Bxc5 Qxc5+ 27. Kh1
Kf8 28. f4 Re8 29. Qd1 Bf6 30. Bd3 Qd4 31. Bb5 Re3 32. Qg4 Kg7 33. Qd7+ Re7 34.
Qd6 h5 35. h3 h4 36. a5 Qd2 37. Qc5 Kh6 38. f5 Re1 39. fxg6 Rxf1+ 40. Bxf1 Qf4
41. Bd3 Bd4 42. Qc2 Be5 43. g4 Qf3+ 44. Kg1 Bd4+ 45. Kh2 Qg3+ 46. Kh1 Qg1# 0-1

[Event "22. Torneo Magistral de Elgoibar"]
[Site "Elgoibar ESP"]
[Date "2012.12.12"]
[Round "2.2"]
[White "Mirzoev, Azer"]
[Black "Batsiashvili, Nino"]
[Result "1-0"]
[WhiteElo "2553"]
[BlackElo "2425"]
[PlyCount "71"]
[EventDate "2012.12.11"]
[EventType "tourn"]
[EventRounds "9"]
[EventCountry "ESP"]
[EventCategory "9"]
[Source "lmi"]
[SourceDate "2012.12.11"]

1. d4 f5 2. Bg5 g6 3. Nc3 d5 4. Qd2 Bg7 5. O-O-O c6 6. f3 h6 7. Bh4 Nf6 8. e4
g5 9. Bf2 fxe4 10. fxe4 dxe4 11. h4 g4 12. Nge2 Bf5 13. Ng3 Bh7 14. Re1 Qa5 15.
Bc4 Na6 16. Ncxe4 Qxd2+ 17. Kxd2 Nxe4+ 18. Nxe4 O-O-O 19. Be6+ Kb8 20. c3 c5
21. d5 b6 22. Bg3+ Kb7 23. Bxg4 Rxd5+ 24. Kc1 Rdd8 25. Ng5 Bf6 26. Bf3+ Kc8 27.
Nf7 c4 28. Nxd8 Rxd8 29. Be4 Bxe4 30. Rxe4 Rg8 31. Rxc4+ Kb7 32. Rh3 Nc5 33.
Bf2 Rxg2 34. Bxc5 bxc5 35. Rxc5 e5 36. Rc4 1-0

[Event "22. Torneo Magistral de Elgoibar"]
[Site "Elgoibar ESP"]
[Date "2012.12.12"]
[Round "2.4"]
[White "Etchegaray, Patrice"]
[Black "Astasio Lopez, David"]
[Result "0-1"]
[WhiteElo "2411"]
[BlackElo "2400"]
[PlyCount "114"]
[EventDate "2012.12.11"]
[EventType "tourn"]
[EventRounds "9"]
[EventCountry "ESP"]
[EventCategory "9"]
[Source "lmi"]
[SourceDate "2012.12.11"]

1. e4 c5 2. Nf3 e6 3. d4 cxd4 4. Nxd4 Nf6 5. Nc3 Nc6 6. Nxc6 bxc6 7. e5 Nd5 8.
Ne4 Qc7 9. f4 Qa5+ 10. c3 Be7 11. Be2 Qb6 12. Qd3 O-O 13. a3 a5 14. c4 Ba6 15.
Qf3 f5 16. Nf2 Nc7 17. O-O Rab8 18. Bd2 Qxb2 19. Bxa5 Nd5 20. Bd3 Bc5 21. Bb4
Bxb4 22. cxd5 Bxd3 23. Nxd3 Qd4+ 24. Nf2 Bc5 25. dxc6 dxc6 26. Kh1 Rb2 27. Nh3
Qd5 28. Rac1 Qxf3 29. Rxf3 Be7 30. Rd3 Ra8 31. g3 Ra6 32. Rd7 Kf8 33. Rc7 Rxa3
34. R1xc6 Ra1+ 35. Rc1 Raa2 36. Ng5 Bxg5 37. fxg5 Rxh2+ 38. Kg1 Rag2+ 39. Kf1
Rxg3 40. Rc8+ Kf7 41. R1c7+ Kg6 42. Rg8 f4 43. Rgxg7+ Kf5 44. Rc4 Kxe5 45. Rf7
Rd3 46. Kg1 Rh4 47. Ra4 Rg3+ 48. Kf2 Rh2+ 49. Kf1 Rd3 50. Kg1 Rh4 51. Rb4 Rd4
52. Rb5+ Ke4 53. Rb1 e5 54. Kg2 Rd2+ 55. Kg1 Kf3 56. Rb3+ Kg4 57. g6 hxg6 0-1

[Event "22. Torneo Magistral de Elgoibar"]
[Site "Elgoibar ESP"]
[Date "2012.12.12"]
[Round "2.5"]
[White "Velten, Paul"]
[Black "Gonzalez De La Torre, Santiago"]
[Result "1-0"]
[WhiteElo "2369"]
[BlackElo "2435"]
[PlyCount "89"]
[EventDate "2012.12.11"]
[EventType "tourn"]
[EventRounds "9"]
[EventCountry "ESP"]
[EventCategory "9"]
[Source "lmi"]
[SourceDate "2012.12.11"]

1. d4 d5 2. Nf3 Nf6 3. c4 dxc4 4. e3 e6 5. Bxc4 a6 6. O-O c5 7. a4 Nc6 8. Nc3
cxd4 9. exd4 Be7 10. Bg5 O-O 11. Qd2 h6 12. Bf4 Bd6 13. Rfe1 Bxf4 14. Qxf4 Nb4
15. Rad1 b6 16. d5 Nbxd5 17. Bxd5 Nxd5 18. Nxd5 exd5 19. Nd4 Qd7 20. b3 b5 21.
Rd3 bxa4 22. Rg3 Kh8 23. bxa4 Ra7 24. h3 Qc7 25. Qh4 Rb7 26. Qh5 Rb4 27. Nf3
Be6 28. Ng5 Qf4 29. a5 Kg8 30. Nxe6 fxe6 31. Rf3 Qd2 32. Rxe6 Qd1+ 33. Kh2 Rxf3
34. gxf3 Rf4 35. Rxh6 gxh6 36. Qg6+ Kf8 37. Qxh6+ Ke7 38. Qxf4 d4 39. Qe5+ Kf7
40. Qd5+ Kg7 41. Qb7+ Kf6 42. Qxa6+ Ke5 43. Qb5+ Kf4 44. Qc6 d3 45. Qf6# 1-0

[Event "22. Torneo Magistral de Elgoibar"]
[Site "Elgoibar ESP"]
[Date "2012.12.13"]
[Round "3.1"]
[White "Gonzalez De La Torre, Santiago"]
[Black "Matnadze, Ana"]
[Result "1-0"]
[WhiteElo "2435"]
[BlackElo "2401"]
[PlyCount "137"]
[EventDate "2012.12.11"]
[EventType "tourn"]
[EventRounds "9"]
[EventCountry "ESP"]
[EventCategory "9"]
[Source "lmi"]
[SourceDate "2012.12.11"]

1. e4 e5 2. Nf3 Nc6 3. Bb5 Nge7 4. Nc3 g6 5. d4 exd4 6. Nd5 Bg7 7. Bg5 h6 8.
Bf6 Kf8 9. Bxg7+ Kxg7 10. O-O f6 11. Nxd4 Rf8 12. Re1 Nxd4 13. Qxd4 c6 14. Nxe7
Qxe7 15. Bf1 Qe5 16. Rad1 Qxd4 17. Rxd4 Re8 18. Rd6 b5 19. f3 a5 20. Kf2 Ra7
21. e5 fxe5 22. Bd3 Re6 23. Rxe6 dxe6 24. Rxe5 Bd7 25. h4 a4 26. Ke3 Kf6 27. f4
Be8 28. Kd4 Rf7 29. a3 Rd7+ 30. Kc5 Rg7 31. c4 Rd7 32. Re3 Rd8 33. g4 h5 34.
g5+ Kf7 35. Rh3 Rb8 36. Rf3 Ke7 37. Re3 Kf7 38. Kd6 Rd8+ 39. Ke5 c5 40. cxb5
Rd5+ 41. Ke4 Rd4+ 42. Kf3 c4 43. Bc2 Bxb5 44. Re5 Be8 45. Ke3 Rd7 46. Rc5 Rb7
47. Rxc4 Rxb2 48. Rc7+ Kf8 49. Ke4 Ra2 50. Ke5 Rxa3 51. Kxe6 Rf3 52. Rc8 a3 53.
Ra8 Kg7 54. Ra7+ Kg8 55. f5 gxf5 56. Kf6 Rc3 57. Bxf5 Kf8 58. Ra8 Rc6+ 59. Be6
Rc3 60. g6 Rf3+ 61. Bf5 Rg3 62. Be4 Rg4 63. Bf5 Rg3 64. Rxa3 Rg1 65. Ra8 Rg2
66. g7+ Rxg7 67. Rxe8+ Kxe8 68. Kxg7 Ke7 69. Bg6 1-0

[Event "22. Torneo Magistral de Elgoibar"]
[Site "Elgoibar ESP"]
[Date "2012.12.13"]
[Round "3.2"]
[White "Astasio Lopez, David"]
[Black "Velten, Paul"]
[Result "0-1"]
[WhiteElo "2400"]
[BlackElo "2369"]
[PlyCount "104"]
[EventDate "2012.12.11"]
[EventType "tourn"]
[EventRounds "9"]
[EventCountry "ESP"]
[EventCategory "9"]
[Source "lmi"]
[SourceDate "2012.12.11"]

1. d4 Nf6 2. Nf3 d5 3. e3 g6 4. b4 Bg7 5. Bb2 O-O 6. Be2 Qd6 7. a3 a5 8. b5 Bg4
9. Nbd2 Nbd7 10. O-O c5 11. h3 Bxf3 12. Nxf3 c4 13. a4 Rfe8 14. Nd2 Qc7 15. Bc3
e5 16. dxe5 Nxe5 17. Bd4 Rad8 18. c3 Ned7 19. Qc2 Nc5 20. Rab1 b6 21. Rbd1 Re6
22. Rfe1 Bh6 23. Bf1 Rde8 24. Be2 Nfd7 25. Bf3 Rd6 26. Be2 Ne5 27. Bxe5 Rxe5
28. Nf3 Re8 29. Nd4 Rxe3 30. fxe3 Bxe3+ 31. Kh1 Ne4 32. Bf3 Nf2+ 33. Kg1 Ng4+
34. Rxe3 Nxe3 35. Qe2 Nxd1 36. Qe8+ Kg7 37. Qe5+ f6 38. Qg3 Qc5 39. Bxd1 Rd7
40. Kh1 Kf7 41. Qh4 h5 42. Bf3 Re7 43. Qf4 Re5 44. Qh6 Qf8 45. Qd2 Qa3 46. Nc6
Rf5 47. Bxd5+ Kg7 48. Bf3 Qxa4 49. Qd7+ Kh6 50. Ne7 Qa1+ 51. Kh2 Qxc3 52. h4
Qe5+ 0-1

[Event "22. Torneo Magistral de Elgoibar"]
[Site "Elgoibar ESP"]
[Date "2012.12.13"]
[Round "3.3"]
[White "Moskalenko, Viktor"]
[Black "Etchegaray, Patrice"]
[Result "1/2-1/2"]
[WhiteElo "2532"]
[BlackElo "2411"]
[PlyCount "120"]
[EventDate "2012.12.11"]
[EventType "tourn"]
[EventRounds "9"]
[EventCountry "ESP"]
[EventCategory "9"]
[Source "lmi"]
[SourceDate "2012.12.11"]

1. g3 g6 2. Bg2 Bg7 3. c4 c5 4. Nc3 Nc6 5. a3 a5 6. Nf3 e5 7. O-O d6 8. d3 Nge7
9. Rb1 O-O 10. Bd2 Rb8 11. Ne1 Be6 12. Nc2 d5 13. cxd5 Nxd5 14. Nxd5 Bxd5 15.
Bxd5 Qxd5 16. b4 axb4 17. axb4 cxb4 18. Nxb4 Nxb4 19. Bxb4 Rfc8 20. Qb3 Qxb3
21. Rxb3 Rc2 22. Re1 Bf8 23. Kf1 Bxb4 24. Rxb4 b5 25. Reb1 Rc5 26. g4 f6 27.
Kg2 Kf7 28. Ra1 Rc7 29. Kf3 Rb6 30. Rab1 Rc5 31. Ra1 Rc7 32. Ra5 Rcb7 33. Ke3
Ke6 34. Kd2 g5 35. h3 Rb8 36. f3 R8b7 37. Kc3 Kd6 38. Kb3 Kc6 39. d4 exd4 40.
Rxd4 Re7 41. e4 h5 42. Ra8 hxg4 43. hxg4 Rd7 44. Rc8+ Kb7 45. Rxd7+ Kxc8 46.
Rd5 Kc7 47. Kb4 Kc6 48. Rf5 Kd7 49. Rxb5 Rc6 50. Rc5 Rb6+ 51. Kc4 Ke6 52. Kd4
Ra6 53. Ke3 Ra3+ 54. Kf2 Ra2+ 55. Kg3 Ra3 56. Rf5 Rb3 57. Rd5 Ra3 58. Rb5 Ra6
59. Rb2 Rc6 60. Kf2 Ra6 1/2-1/2

[Event "22. Torneo Magistral de Elgoibar"]
[Site "Elgoibar ESP"]
[Date "2012.12.13"]
[Round "3.5"]
[White "Strikovic, Aleksa"]
[Black "Mirzoev, Azer"]
[Result "1/2-1/2"]
[WhiteElo "2509"]
[BlackElo "2553"]
[PlyCount "37"]
[EventDate "2012.12.11"]
[EventType "tourn"]
[EventRounds "9"]
[EventCountry "ESP"]
[EventCategory "9"]
[Source "lmi"]
[SourceDate "2012.12.11"]

1. e4 e5 2. Nf3 Nc6 3. d4 exd4 4. Nxd4 Bb4+ 5. c3 Bc5 6. Bc4 d6 7. O-O Nge7 8.
Be3 Bb6 9. Nd2 O-O 10. Qh5 Ne5 11. Be2 f5 12. f4 Nd7 13. Qf3 Nf6 14. Nxf5 Nxf5
15. Bxb6 axb6 16. exf5 Bxf5 17. Bd3 Bxd3 18. Qxd3 Qd7 19. a3 1/2-1/2

[Event "22. Torneo Magistral de Elgoibar"]
[Site "Elgoibar ESP"]
[Date "2012.12.13"]
[Round "4.1"]
[White "Matnadze, Ana"]
[Black "Mirzoev, Azer"]
[Result "1/2-1/2"]
[WhiteElo "2401"]
[BlackElo "2553"]
[PlyCount "107"]
[EventDate "2012.12.11"]
[EventType "tourn"]
[EventRounds "9"]
[EventCountry "ESP"]
[EventCategory "9"]
[Source "lmi"]
[SourceDate "2012.12.11"]

1. d4 d5 2. Nf3 Nf6 3. g3 Bg4 4. Bg2 e6 5. O-O Nbd7 6. b3 Be7 7. Bb2 Bh5 8.
Nbd2 O-O 9. c4 c5 10. cxd5 Nxd5 11. Nc4 Rc8 12. e4 N5f6 13. d5 Nxe4 14. dxe6
fxe6 15. Qe1 Bxf3 16. Bxf3 Rxf3 17. Qxe4 Rf7 18. Rad1 Qc7 19. Qxe6 Bf8 20. Be5
Qc6 21. Nd6 Bxd6 22. Rxd6 Qc7 23. Bf4 Nf8 24. Qd5 b6 25. Re1 Qb7 26. a4 Qxd5
27. Rxd5 Ng6 28. Be3 Ne7 29. Rd3 Nc6 30. Red1 Re7 31. Kg2 h6 32. h4 Kf7 33. Rd6
Na5 34. R1d3 c4 35. bxc4 Nxc4 36. R6d4 Nxe3+ 37. fxe3 Rc5 38. Kf3 h5 39. e4 g6
40. Rd6 Rc1 41. Kf4 Rc5 42. R3d5 Rc3 43. e5 Rb3 44. Rd4 a5 45. Rf6+ Kg7 46.
Rdd6 Rb4+ 47. Kf3 Rg4 48. Rf4 Rxe5 49. Rxb6 Rxf4+ 50. gxf4 Rc5 51. Rb5 Rc3+ 52.
Kf2 Rc4 53. Rxa5 Rxf4+ 54. Kg3 1/2-1/2

[Event "22. Torneo Magistral de Elgoibar"]
[Site "Elgoibar ESP"]
[Date "2012.12.13"]
[Round "4.2"]
[White "Cruz, Cristhian"]
[Black "Strikovic, Aleksa"]
[Result "1/2-1/2"]
[WhiteElo "2496"]
[BlackElo "2509"]
[PlyCount "99"]
[EventDate "2012.12.11"]
[EventType "tourn"]
[EventRounds "9"]
[EventCountry "ESP"]
[EventCategory "9"]
[Source "lmi"]
[SourceDate "2012.12.11"]

1. Nf3 c5 2. c4 Nc6 3. g3 g6 4. Bg2 Bg7 5. Nc3 d6 6. O-O a6 7. d3 Rb8 8. Be3
Nf6 9. Qc1 O-O 10. Bh6 b5 11. b3 Bd7 12. Rd1 e5 13. Bg5 Qc8 14. Nd5 Qd8 15. e3
Nb4 16. Nxb4 cxb4 17. d4 exd4 18. Nxd4 bxc4 19. Qxc4 Qa5 20. Bf4 Rfc8 21. Qe2
Nd5 22. Rd2 Nc3 23. Qf3 Rb6 24. g4 d5 25. Qg3 Qc5 26. h4 Qe7 27. Re1 a5 28. Bf3
a4 29. bxa4 Bxa4 30. Rc1 Rc4 31. Qg2 Bd7 32. Rcc2 h6 33. Bg3 Rc8 34. Kh2 Ra6
35. Nb3 Be6 36. Bxd5 Nxd5 37. Rxc8+ Bxc8 38. Qxd5 Bxg4 39. Qc4 Qe6 40. Qxb4 Rb6
41. Qf4 Bh5 42. Kg2 Qc6+ 43. f3 Qc8 44. Qc7 Qe6 45. e4 Rc6 46. Qd8+ Kh7 47. Nd4
Bxd4 48. Qxd4 Ra6 49. Qd5 Ra3 50. Qxe6 1/2-1/2

[Event "22. Torneo Magistral de Elgoibar"]
[Site "Elgoibar ESP"]
[Date "2012.12.13"]
[Round "4.3"]
[White "Etchegaray, Patrice"]
[Black "Batsiashvili, Nino"]
[Result "0-1"]
[WhiteElo "2411"]
[BlackElo "2425"]
[PlyCount "104"]
[EventDate "2012.12.11"]
[EventType "tourn"]
[EventRounds "9"]
[EventCountry "ESP"]
[EventCategory "9"]
[Source "lmi"]
[SourceDate "2012.12.11"]

1. e4 c6 2. d4 d5 3. Nd2 dxe4 4. Nxe4 Bf5 5. Ng3 Bg6 6. h4 h6 7. Nf3 Nd7 8. h5
Bh7 9. Bd3 Bxd3 10. Qxd3 e6 11. Bf4 Qa5+ 12. Bd2 Bb4 13. c3 Be7 14. O-O Ngf6
15. a4 O-O 16. Rfe1 Bd6 17. b4 Qc7 18. Ne4 Nxh5 19. Nxd6 Qxd6 20. Ne5 f5 21.
Nxd7 Qxd7 22. Qe2 Nf6 23. Qxe6+ Qxe6 24. Rxe6 Rfe8 25. Rae1 Rxe6 26. Rxe6 Ne4
27. Be1 Kf7 28. Re5 Nd6 29. Kf1 a6 30. a5 Kf6 31. f3 Nc4 32. Re2 g5 33. Bf2 f4
34. Ke1 h5 35. Kd1 h4 36. Kc2 Nd6 37. Kd3 Rd8 38. c4 Nf5 39. Kc3 Rh8 40. d5
cxd5 41. cxd5 h3 42. gxh3 Rxh3 43. Bd4+ Kf7 44. Re5 Rxf3+ 45. Kc4 Nxd4 46. Kxd4
g4 47. d6 Rf1 48. Re7+ Kf6 49. Rxb7 g3 50. d7 Rd1+ 51. Ke4 g2 52. Rb6+ Ke7 0-1

[Event "22. Torneo Magistral de Elgoibar"]
[Site "Elgoibar ESP"]
[Date "2012.12.13"]
[Round "4.4"]
[White "Velten, Paul"]
[Black "Moskalenko, Viktor"]
[Result "1/2-1/2"]
[WhiteElo "2369"]
[BlackElo "2532"]
[PlyCount "57"]
[EventDate "2012.12.11"]
[EventType "tourn"]
[EventRounds "9"]
[EventCountry "ESP"]
[EventCategory "9"]
[Source "lmi"]
[SourceDate "2012.12.11"]

1. d4 g6 2. Nf3 Bg7 3. e3 d6 4. Be2 Nd7 5. O-O Ngf6 6. c4 O-O 7. Nc3 e5 8. Qc2
Re8 9. h3 e4 10. Nd2 Qe7 11. b3 c6 12. Bb2 h5 13. Rae1 Nf8 14. d5 c5 15. Bd1
N8h7 16. Qb1 Bf5 17. Bc2 Ng5 18. f3 h4 19. Ncxe4 Nfxe4 20. fxe4 Bxe4 21. Rf4
Bxb2 22. Qxb2 Bxc2 23. Qxc2 Qe5 24. Rg4 Kg7 25. Nf3 Nxf3+ 26. gxf3 f5 27. Rg2
Qf6 28. Kf2 Kf7 29. Reg1 1/2-1/2

[Event "22. Torneo Magistral de Elgoibar"]
[Site "Elgoibar ESP"]
[Date "2012.12.13"]
[Round "4.5"]
[White "Gonzalez De La Torre, Santiago"]
[Black "Astasio Lopez, David"]
[Result "1-0"]
[WhiteElo "2435"]
[BlackElo "2400"]
[PlyCount "67"]
[EventDate "2012.12.11"]
[EventType "tourn"]
[EventRounds "9"]
[EventCountry "ESP"]
[EventCategory "9"]
[Source "lmi"]
[SourceDate "2012.12.11"]

1. e4 c5 2. Nf3 e6 3. d4 cxd4 4. Nxd4 Nf6 5. Nc3 Nc6 6. Nxc6 bxc6 7. e5 Nd5 8.
Ne4 Qc7 9. f4 Qa5+ 10. Bd2 Qb6 11. Bd3 Ne3 12. Qf3 Qxb2 13. Rc1 Nf5 14. g4 Nd4
15. Qe3 c5 16. O-O h5 17. Rb1 Qxa2 18. Nc3 Qa5 19. Nb5 Qd8 20. Nxd4 cxd4 21.
Qe4 d5 22. exd6 Bd7 23. Ba5 Qc8 24. Bc7 hxg4 25. Ba6 Qxa6 26. Qxa8+ Bc8 27. Ra1
Qb7 28. Qxb7 Bxb7 29. Rfb1 Bd5 30. Rxa7 g3 31. d7+ Kxd7 32. Be5+ Bb7 33. Rbxb7+
Kc6 34. hxg3 1-0

[Event "22. Torneo Magistral de Elgoibar"]
[Site "Elgoibar ESP"]
[Date "2012.12.14"]
[Round "5.1"]
[White "Astasio Lopez, David"]
[Black "Matnadze, Ana"]
[Result "1/2-1/2"]
[WhiteElo "2400"]
[BlackElo "2401"]
[PlyCount "90"]
[EventDate "2012.12.11"]
[EventType "tourn"]
[EventRounds "9"]
[EventCountry "ESP"]
[EventCategory "9"]
[Source "lmi"]
[SourceDate "2012.12.11"]

1. d4 Nf6 2. Nf3 e6 3. e3 b6 4. Bd3 Bb7 5. O-O g6 6. c4 Bg7 7. Nc3 d5 8. Qa4+
Nfd7 9. e4 dxc4 10. Bxc4 O-O 11. Bg5 Qe8 12. Rfe1 a6 13. Qc2 b5 14. Bf1 h6 15.
Bf4 Nc6 16. Bxc7 b4 17. Na4 Rc8 18. Bd6 Nxd4 19. Qd1 Nc2 20. Rb1 Nxe1 21. Qxe1
Nf6 22. Nc5 Qc6 23. Nxb7 Qxb7 24. Bxf8 Bxf8 25. Bd3 Bc5 26. Qe2 Rd8 27. h3 Qb6
28. Bxa6 Nxe4 29. Qxe4 Qxa6 30. Qh4 Rd5 31. a3 Qe2 32. Nh2 Rd1+ 33. Rxd1 Qxd1+
34. Nf1 b3 35. Qxh6 Bxa3 36. Qd2 Qa1 37. Qc3 Qxb2 38. Qxb2 Bxb2 39. Nd2 Kg7 40.
Nxb3 g5 41. Nd2 f5 42. Kf1 Kf6 43. Ke2 Bd4 44. Nc4 Bc5 45. Nd2 Ba7 1/2-1/2

[Event "22. Torneo Magistral de Elgoibar"]
[Site "Elgoibar ESP"]
[Date "2012.12.14"]
[Round "5.2"]
[White "Moskalenko, Viktor"]
[Black "Gonzalez De La Torre, Santiago"]
[Result "1/2-1/2"]
[WhiteElo "2532"]
[BlackElo "2435"]
[PlyCount "139"]
[EventDate "2012.12.11"]
[EventType "tourn"]
[EventRounds "9"]
[EventCountry "ESP"]
[EventCategory "9"]
[Source "lmi"]
[SourceDate "2012.12.11"]

1. d4 d5 2. c4 c6 3. cxd5 cxd5 4. Nc3 Nf6 5. Bf4 Nc6 6. e3 Bf5 7. Nf3 e6 8. Ne5
Nd7 9. Nxc6 bxc6 10. Ba6 Qb6 11. Qe2 Bb4 12. O-O Bxc3 13. bxc3 c5 14. Qb5 Ke7
15. a4 Rad8 16. a5 Qxb5 17. Bxb5 f6 18. f3 g5 19. Bg3 h5 20. Rfe1 h4 21. Bf2
cxd4 22. cxd4 Kd6 23. Rec1 Rb8 24. Rc6+ Ke7 25. Ba6 Rb2 26. Bc8 e5 27. Rac1
exd4 28. e4 dxe4 29. Bxd4 Rd2 30. Bc3 Rd5 31. Bb4+ Kf7 32. fxe4 Bxe4 33. Rc7
Rd8 34. Rxa7 Kg6 35. Be7 Rxc8 36. Rxc8 Rd2 37. Rd8 Rxg2+ 38. Kf1 Ne5 39. Rd4
Bc6 40. Rd6 Rxh2 41. Rxf6+ Kh5 42. Bd6 Rh1+ 43. Ke2 Bb5+ 44. Kd2 Nc4+ 45. Kc3
Ne3 46. Re6 Rc1+ 47. Kb4 Nc2+ 48. Kc5 Bd3 49. Re5 h3 50. Rg7 Bg6 51. Rg8 Ne3+
52. Kb4 Nf5 53. Rh8+ Kg4 54. Bc5 Nh4 55. Be7 Bf5 56. Re2 Ng6 57. Rh6 Bd3 58.
Re3 Nh4 59. Bd6 Nf5 60. Rhxh3 Nxe3 61. Rxe3 Rd1 62. Re5 Bf5 63. Bc5 Kf4 64. Re8
Rb1+ 65. Kc4 Rc1+ 66. Kd5 Rd1+ 67. Bd4 g4 68. a6 g3 69. a7 g2 70. Rg8 1/2-1/2

[Event "22. Torneo Magistral de Elgoibar"]
[Site "Elgoibar ESP"]
[Date "2012.12.14"]
[Round "5.3"]
[White "Batsiashvili, Nino"]
[Black "Velten, Paul"]
[Result "0-1"]
[WhiteElo "2425"]
[BlackElo "2369"]
[PlyCount "102"]
[EventDate "2012.12.11"]
[EventType "tourn"]
[EventRounds "9"]
[EventCountry "ESP"]
[EventCategory "9"]
[Source "lmi"]
[SourceDate "2012.12.11"]

1. Nf3 Nf6 2. c4 b6 3. d4 Bb7 4. Nc3 e6 5. a3 d5 6. cxd5 Nxd5 7. e3 Nxc3 8.
bxc3 Nd7 9. Bd3 Bd6 10. e4 e5 11. O-O Qe7 12. Qe2 O-O 13. Bg5 f6 14. Bd2 Rfe8
15. Nh4 g6 16. Qg4 Qg7 17. Rae1 Re7 18. Re3 Rae8 19. Rfe1 Nf8 20. dxe5 Rxe5 21.
f4 Bc8 22. Qd1 Rh5 23. Nf5 Bxf5 24. exf5 Bc5 25. Qf3 Rd8 26. Kh1 Qh6 27. h3
Bxe3 28. Rxe3 Rh4 29. Bc4+ Kh8 30. Qc6 gxf5 31. Re2 Qg7 32. Kh2 Rh6 33. Be3 Qd7
34. Qf3 Rg6 35. Rd2 Qe7 36. Bd3 Rg7 37. Bxf5 Rxd2 38. Bxd2 Qxa3 39. Qa8 Qc5 40.
Be4 a5 41. f5 Qd6+ 42. Kh1 Rg8 43. Bd5 Ne6 44. Qb7 Nc5 45. Qc6 Qxc6 46. Bxc6 a4
47. Be3 a3 48. Bd4 Kg7 49. Bd5 Re8 50. g4 Re1+ 51. Kg2 a2 0-1

[Event "22. Torneo Magistral de Elgoibar"]
[Site "Elgoibar ESP"]
[Date "2012.12.14"]
[Round "5.4"]
[White "Strikovic, Aleksa"]
[Black "Etchegaray, Patrice"]
[Result "1-0"]
[WhiteElo "2509"]
[BlackElo "2411"]
[PlyCount "83"]
[EventDate "2012.12.11"]
[EventType "tourn"]
[EventRounds "9"]
[EventCountry "ESP"]
[EventCategory "9"]
[Source "lmi"]
[SourceDate "2012.12.11"]

1. c4 e5 2. Nc3 Nc6 3. Nf3 f5 4. d4 e4 5. Ng5 h6 6. Nh3 g5 7. f3 exf3 8. exf3
Bg7 9. Be3 Nf6 10. d5 Qe7 11. Qe2 Ne5 12. O-O-O d6 13. Bd4 Ng6 14. Nb5 Qxe2 15.
Bxe2 Kd8 16. Bc3 Re8 17. Rd2 Nh5 18. Nd4 Be5 19. g3 f4 20. g4 Nf6 21. Nf2 Bd7
22. Nd3 Ke7 23. Nxe5 dxe5 24. Nf5+ Kf7 25. Nxh6+ Kg7 26. Nf5+ Bxf5 27. gxf5 Nh4
28. Rg1 Kh6 29. d6 Nxf5 30. d7 Red8 31. Bxe5 Nxd7 32. Bxc7 Re8 33. Bd3 Nh4 34.
Be4 Nc5 35. Rd6+ Re6 36. Bd5 Rxd6 37. Bxd6 Rc8 38. Be7 Nd3+ 39. Kc2 Ne5 40.
Bxg5+ Kh5 41. Bxh4 Kxh4 42. Kc3 1-0